000 00988pam a2200301 i 4500
001 2233351
003 Nust
005 20210311154916.0
008 760402r1976 nyua b 001 0 eng
010 _a 76011851
020 _a0882754203 (v. 1)
038 _aAmir
040 _aDLC
_cDLC
_dDLC
050 1 0 _aTA405
_b.T5 1976
082 0 0 _a620.112
_bTIL
100 1 _aTimoshenko, Stephen,
_d1878-1972.
_935959
245 1 0 _aStrength of materials (PART 1)/
_cby S. Timoshenko.
250 _a3d ed.
260 _aHuntington, N.Y. :
_bR. E. Krieger Pub. Co.,
_c1976, c1958.
300 _a2 v. :
_bill. ;
_c24 cm.
500 _aReprint of the ed. published by Van Nostrand, New York.
504 _aIncludes bibliograpical references and indexes.
505 0 _apt. 1. Elementary theory and problems.--pt. 2. Advanced theory and problems.
563 _aHardcover
650 0 _aStrength of materials.
_9563
906 _a7
_bcbc
_corignew
_d1
_eocip
_f19
_gy-gencatlg
942 _2ddc
_cBK
999 _c48140
_d48140